La stella della pace. (Record n. 28623)
[ formato base ]
| 000 -LEADER | |
|---|---|
| fixed length control field | 01436nam a2200253Ia 4500 |
| 003 - CONTROL NUMBER IDENTIFIER | |
| control field | IT-RoPAU |
| 005 - DATE AND TIME OF LATEST TRANSACTION | |
| control field | 20220918175746.0 |
| 008 - FIXED-LENGTH DATA ELEMENTS--GENERAL INFORMATION | |
| fixed length control field | 120407s9999 xx 000 0 und d |
| 040 ## - CATALOGING SOURCE | |
| Original cataloging agency | IT-RoPAU |
| Transcribing agency | 20130205095605.0 |
| 040 ## - CATALOGING SOURCE | |
| Transcribing agency | IT-RoPAU |
| 041 ## - LANGUAGE CODE | |
| Language code of text/sound track or separate title | ita |
| 100 ## - MAIN ENTRY--PERSONAL NAME | |
| Personal name | Chiesa Francesco |
| 9 (RLIN) | 356 |
| 100 ## - MAIN ENTRY--PERSONAL NAME | |
| Titles and words associated with a name | can. |
| 9 (RLIN) | 357 |
| 245 ## - TITLE STATEMENT | |
| Title | La stella della pace. |
| Remainder of title | Brevi spiegazioni popolari dei quattro documenti del Pontefice Pio XII sulla pace |
| 250 ## - EDITION STATEMENT | |
| Edition statement | I |
| 260 ## - PUBLICATION, DISTRIBUTION, ETC. (IMPRINT) | |
| Place of publication, distribution, etc. | Alba |
| Name of publisher, distributor, etc. | PSSP per l'apostolato stampa |
| Date of publication, distribution, etc. | 1943 |
| 260 ## - PUBLICATION, DISTRIBUTION, ETC. (IMPRINT) | |
| Date of publication, distribution, etc. | 1943 |
| 300 ## - PHYSICAL DESCRIPTION | |
| Extent | 206 p. |
| 300 ## - PHYSICAL DESCRIPTION | |
| Dimensions | 18 cm |
| 490 ## - SERIES STATEMENT | |
| Volume/sequential designation | I |
| 520 ## - SUMMARY, ETC. | |
| Summary, etc. | Indice<br/><br/>Parte prima<br/>I cinque presupposti della pace<br/><br/>Il fatto della guerra<br/>Le cause della guerra<br/>Rimedio<br/>Termine del messaggio<br/><br/>Parte seconda<br/>Pacificazione e ordine interno delle nazioni<br/><br/>Senso del Messaggio natalizio<br/>Ordine sociale<br/>Convivenza nella tranquillità<br/>La grande crociata<br/><br/>Parte terza<br/>Le cinque vittorie<br/><br/>Vittorie e presupposti<br/>Ordine nuovo<br/>Le cause dell'aspirazione all'ordine nuovo<br/>Atteggiamento della Chiesa di fronte all'ordine<br/> nuovo<br/>Erudimini qui judicatis terram<br/>Effetti dell'ascoltare la parola del papa<br/>I.a Vittoria : Sull'odio<br/>II.a Vittoria : Sulla sfiducia internazionale<br/>III.a Vittoria : Sul principio dell'utilitarismo<br/> e della forza<br/>IV.a Vittoria : Sulle divergenze economiche<br/>V.a Vittoria : Sullo spirito di egoismo<br/>Preghiamo<br/>Avvertimento <br/> <br/><br/> |
| 942 ## - ADDED ENTRY ELEMENTS (KOHA) | |
| Koha item type | LIBRO |
| Source of classification or shelving scheme | Dewey Decimal Classification |
| Withdrawn status | Lost status | Source of classification or shelving scheme | Damaged status | Not for loan | Home library | Current library | Date acquired | Total Checkouts | Full call number | Date last seen | Price effective from | Koha item type | Public note |
|---|---|---|---|---|---|---|---|---|---|---|---|---|---|
| Dewey Decimal Classification | Buone Condizioni | Not For Loan | PAULUS-BIBLIOTECA | PAULUS-BIBLIOTECA | 11/04/2012 | P B5 | 11/04/2012 | 11/04/2012 | LIBRO | ||||
| Dewey Decimal Classification | Buone Condizioni | Not For Loan | PAULUS-BIBLIOTECA | PAULUS-BIBLIOTECA | 11/04/2012 | P B5 | 11/04/2012 | 11/04/2012 | LIBRO | Inserito da: Sergio In data: 27 settembre 2011 fondo: Via A.Severo 56 Progr:21941 |